| 000 | 00793nam a2200217Ia 4500 | ||
|---|---|---|---|
| 005 | 20220524130236.0 | ||
| 008 | 131103s9999 xx 000 0 und d | ||
| 020 |
_a826476929 _cRs.195.00 |
||
| 040 | _aLoreto College | ||
| 041 | _aEnglish | ||
| 082 |
_a801.95 _bBLO |
||
| 100 | _aBloom, Harold | ||
| 245 |
_aDeconstruction and criticism _cHarold Bloom, Paul de Man, Jacques Derrida, Geoffrey H. Hartman, J. Hillis Miller |
||
| 260 |
_aLondon and New York _bContinuum _c1979 |
||
| 300 | _ax,208p | ||
| 504 | _aBloom, H. The breaking of form; de Man, Paul Shelley disfigured; Derrida, Jacques Living on;Hartman, G.H. Words, Wish, Worth:Wordsworth; Miller, J.Hillis The Critic as host. | ||
| 650 | _aCriticism | ||
| 651 | _aCriticism, 20th century | ||
| 850 |
_aLCLIB _bPG |
||
| 942 | _cBK | ||
| 999 |
_c11035 _d61514 |
||